Egy régi szegedi gyógyforrás nyomában

Elmentve itt :
Bibliográfiai részletek
Szerző: Oltvai Ferenc
Dokumentumtípus: Cikk
Megjelent: 1964-09-29
Sorozat:Délmagyarország 54 No. 228
Kulcsszavak:Masa István, Gyógyvíz Szeged 1964
Online Access:http://dmarchiv.bibl.u-szeged.hu/64626
LEADER 00481nab a2200157 i 4500
001 delm64626
005 20180927151335.0
008 180927s1964 hu o 0|| hun d
040 |a SZTE Délmagyarország Archívum  |b hun 
041 |a hun 
100 1 |a Oltvai Ferenc 
245 1 0 |a Egy régi szegedi gyógyforrás nyomában  |h [elektronikus dokumentum] /  |c  Oltvai Ferenc 
260 |c 1964-09-29 
300 |a 5 
490 0 |a Délmagyarország  |v 54 No. 228 
695 |a Masa István, Gyógyvíz Szeged 1964